Đột quỵ máu não
שמור ב:
| מחבר ראשי: | |
|---|---|
| פורמט: | ספר |
| שפה: | Undetermined |
| יצא לאור: |
Y học
2000
|
| תגים: |
הוספת תג
אין תגיות, היה/י הראשונ/ה לתייג את הרשומה!
|
| Thư viện lưu trữ: | Trung tâm Học liệu Trường Đại học Cần Thơ |
|---|
| LEADER | 00477nam a2200145Ia 4500 | ||
|---|---|---|---|
| 001 | CTU_48641 | ||
| 008 | 210402s9999 xx 000 0 und d | ||
| 082 | |a 616.81 | ||
| 082 | |b W642 | ||
| 100 | |a PHAN CHÚC LÂM | ||
| 245 | 0 | |a Đột quỵ máu não | |
| 245 | 0 | |c PHAN CHÚC LÂM, David O. Wiebers, Valery L. Feigin, Robert D. Brown; Dịch giả: Nguyễn Văn Thông | |
| 260 | |b Y học | ||
| 260 | |c 2000 | ||
| 980 | |a Trung tâm Học liệu Trường Đại học Cần Thơ | ||